[Event "Malaga op 2nd"]
[Site "Malaga"]
[Date "1999.02.04"]
[Round "2"]
[White "Mellado Trivino, Juan"]
[Black "Zurita Castaneda, Carlos"]
[Result "1-0"]
[WhiteElo "2447"]
[BlackElo "2105"]
[PlyCount "47"]
[EventDate "1999.02.03"]
[EventType "swiss"]
[EventRounds "9"]
[EventCountry "ESP"]
[SourceTitle "CBM 068 Extra"]
[Source "ChessBase"]
[SourceDate "1999.03.01"]
[SourceVersion "1"]
[SourceVersionDate "1999.03.01"]
[SourceQuality "1"]

1. c4 c5 2. Nc3 g6 3. Nf3 Bg7 4. g3 Nc6 5. Bg2 e6 6. 0-0 Nge7 7. d3 d5 8. Bd2 0-0 9. h3 Bd7 10. Rb1 dxc4 11. dxc4 Nd4 12. Ne4 b6 13. Nxd4 cxd4 14. Bg5 Bc6 15. Nf6+ Kh8 16. Bxc6 Nxc6 17. Nxh7 f6 18. Nxf8 Bxf8 19. Bd2 Bd6 20. b4 Ne5 21. Bf4 Nf7 22. Qxd4 e5 23. Qd5 Qe8 24. c5 1-0